| 000 | 00440nam a2200133Ia 4500 | ||
|---|---|---|---|
| 008 | 220216s9999 xx 000 0 und d | ||
| 100 | _aMathew J | ||
| 245 | 0 | _aNatural rubber processing factories in India and their impact on environment | |
| 260 |
_bConference on Environmental impact analysis for developing countries, New Delhi, 1988 _c1988 |
||
| 700 | _aJayarathnam K | ||
| 700 | _aJoseph K | ||
| 700 | _aKothandaraman R | ||
| 942 | _cJS | ||
| 999 |
_c63606 _d63606 |
||